Länderflaggen mit dem Union Jack - Statistiken

Allgemein
  • Dieses Quiz wurde 12.123 mal gespielt
  • Das Durchschnittsergebnis liegt bei 4 aus 5
Antwortstatistiken
Bildquiz Antwort % Korrekt
Australien
99%
Neuseeland
98%
Vereinigtes Königreich
98%
Fidschi
79%
Tuvalu
65%
Keine übereinstimmenden Quizze gefunden
Verteilung der Resultate
Anzahl Personen mit jedem Resultat
Perzentil nach korrekt beantworteten Fragen
Ihre Resultats-Entwicklung
Sie haben dieses Quiz noch nicht gespielt